LEADER 01205nam a2200289 i 4500 001 991001642109707536 005 20020502203553.0 008 940322s1988 it ||| | ita 020 $a8820428296 035 $ab11542676-39ule_inst 035 $aPRUMB65032$9ExL 040 $aScuola per assistenti sociali$bita 082 0 $a362.1094535 100 1 $aGuidicini, Paolo$0440398 245 10$aUomo, servizi, comunità :$buna ricerca di sfondo sulla offerta di servizi socio-sanitari nell'Alto Vicentino /$ca cura di Paolo Guidicini, Giovanni Pieretti 260 $aMilano :$bF. Angeli,$cstampa 1988 300 $a168 p. ;$c22 cm. 490 0 $aSociologia urbana e rurale. Sez. 3., Povertà, sviluppo, intervento sociale ;$v7 650 4$aServizi sanitari - Vicenza $xInchieste 650 4$aServizi sociali - Vicenza $xInchieste 700 1 $aPieretti, Giovanni 907 $a.b11542676$b01-03-17$c01-07-02 912 $a991001642109707536 945 $aLE024 SS/B I 7$g1$iLE024N-1293$lle021$nex DUSS$o-$pE0.00$q-$rl$s- $t0$u0$v0$w0$x0$y.i11741740$z01-07-02 996 $aUomo, servizi, comunità$9815660 997 $aUNISALENTO 998 $ale021$b01-01-94$cm$da $e-$fita$git $h0$i1